[Event "FRA-chT4 1415"]
[Site "Champagne Ardennes"]
[Date "2015.03.29"]
[Round "5"]
[White "Puech, Armel"]
[Black "Noizet, Donatien"]
[Result "1/2-1/2"]
[WhiteElo "1834"]
[BlackElo "1974"]
[PlyCount "26"]
[EventDate "2014.10.16"]
[EventType "team-tourn"]
[EventRounds "7"]
[EventCountry "FRA"]
[SourceTitle "EXT 2024"]
[Source "ChessBase"]
[SourceDate "2023.10.10"]
[SourceVersion "1"]
[SourceVersionDate "2023.10.10"]
[SourceQuality "1"]

1. e4 e5 2. Nf3 Nc6 3. Bc4 Bc5 4. c3 Nf6 5. d4 exd4 6. cxd4 Bb4+ 7. Bd2 Bxd2+ 8. Nbxd2 d5 9. exd5 Nxd5 10. 0-0 0-0 11. Ne5 Nxe5 12. dxe5 Nb6 13. Qc2 Nxc4 1/2-1/2

[Event "FRA-chT4 1314"]
[Site "Champagne Ardennes"]
[Date "2014.02.02"]
[Round "5"]
[White "Puech, Armel"]
[Black "Parisot, Anthony"]
[Result "1/2-1/2"]
[WhiteElo "1817"]
[BlackElo "1778"]
[PlyCount "71"]
[EventDate "2013.10.25"]
[EventType "team-tourn"]
[EventRounds "7"]
[EventCountry "FRA"]
[SourceTitle "EXT 2024"]
[Source "ChessBase"]
[SourceDate "2023.10.10"]
[SourceVersion "1"]
[SourceVersionDate "2023.10.10"]
[SourceQuality "1"]

1. e4 c5 2. Nc3 Nc6 3. g3 g6 4. Bg2 Bg7 5. Nge2 e6 6. d3 Nge7 7. 0-0 0-0 8. Bg5 h6 9. Be3 Nd4 10. Qd2 Kh7 11. Nf4 d6 12. Rab1 Bd7 13. Nce2 Bc6 14. c3 Nxe2+ 15. Nxe2 b6 16. d4 cxd4 17. cxd4 d5 18. e5 Rc8 19. Bh3 Qd7 20. Nf4 Bb5 21. Rfc1 Rxc1+ 22. Rxc1 Rc8 23. Rxc8 Qxc8 24. Qb4 Qd7 25. b3 a5 26. Qc3 Qc6 27. Bd2 Qxc3 28. Bxc3 Nc6 29. Bf1 Bxf1 30. Kxf1 Kg8 31. Nd3 Bf8 32. Ke2 Ba3 33. Ke3 Kf8 34. Ne1 Ke8 35. Nc2 Be7 36. Kd3 1/2-1/2

[Event "FRA-chT4"]
[Site "France"]
[Date "2012.10.14"]
[Round "1.4"]
[White "Puech, Armel"]
[Black "Glod, Philippe"]
[Result "1/2-1/2"]
[WhiteElo "1785"]
[BlackElo "1904"]
[PlyCount "45"]
[EventDate "2012.10.24"]
[EventType "team-swiss"]
[EventRounds "9"]
[EventCountry "FRA"]
[SourceTitle "EXT 2014"]
[Source "ChessBase"]
[SourceDate "2013.11.20"]
[SourceVersion "1"]
[SourceVersionDate "2013.11.20"]
[SourceQuality "1"]

1. e4 e6 2. d4 d5 3. e5 c5 4. c3 Nc6 5. Nf3 Bd7 6. Be2 Nge7 7. 0-0 Ng6 8. Re1 Be7 9. Na3 0-0 10. Bd3 cxd4 11. cxd4 Rc8 12. Nc2 Qb6 13. h4 Nb4 14. Nxb4 Bxb4 15. Re2 Bb5 16. h5 Bxd3 17. Qxd3 Nh8 18. Ng5 g6 19. hxg6 fxg6 20. Qh3 h5 21. Nxe6 Rf5 22. Qb3 Rc4 23. Bd2 1/2-1/2

[Event "FRA-chT3"]
[Site "France"]
[Date "2011.10.16"]
[Round "1"]
[White "Mondeel, Paul"]
[Black "Puech, Armel"]
[Result "0-1"]
[WhiteElo "1528"]
[BlackElo "1710"]
[PlyCount "124"]
[EventDate "2012.01.20"]
[EventType "team-match"]
[EventRounds "9"]
[EventCountry "FRA"]
[SourceTitle "EXT 2014"]
[Source "ChessBase"]
[SourceDate "2013.11.20"]
[SourceVersion "1"]
[SourceVersionDate "2013.11.20"]
[SourceQuality "1"]

1. e4 e6 2. d4 d5 3. Nc3 Bb4 4. e5 c5 5. Nf3 Nc6 6. a3 cxd4 7. axb4 dxc3 8. bxc3 Qc7 9. Bb2 Nxe5 10. Nxe5 Qxe5+ 11. Be2 Ne7 12. 0-0 0-0 13. Bd3 Bd7 14. f4 Qf6 15. Qg4 Qh4 16. Qd1 Qf6 17. g4 Qh4 18. Qf3 Bc6 19. b5 Bd7 20. c4 dxc4 21. Bxc4 Rfc8 22. Bd3 Bxb5 23. Bxb5 Rxc2 24. Rf2 Rxf2 25. Qxf2 Qxg4+ 26. Qg3 Qxg3+ 27. hxg3 a6 28. Be5 Rd8 29. Bc7 Rd2 30. Bf1 Nd5 31. Ba5 Rc2 32. Bd3 Rc5 33. Bd2 g6 34. Kf2 f6 35. Rb1 b5 36. Ra1 Rc6 37. Kf3 Kf7 38. g4 f5 39. g5 Kg7 40. Bc1 Nb4 41. Bb2+ Kf7 42. Bxb5 Rc2 43. Be5 axb5 44. Ra7+ Kf8 45. Rxh7 Nd5 46. Rb7 b4 47. Bd6+ Ke8 48. Bxb4 Rb2 49. Rb8+ Kd7 50. Bd6 Rxb8 51. Bxb8 Kc6 52. Ke2 Ne7 53. Kd3 Kd5 54. Be5 Nc6 55. Bc7 e5 56. fxe5 Nxe5+ 57. Ke3 Nd7 58. Bh2 Nf8 59. Bg3 Ne6 60. Bh4 f4+ 61. Kf3 Ke5 62. Kf2 Kf5 0-1